English grammer workbook: (Record no. 160382)

MARC details
000 -LEADER
fixed length control field 00552nam a22001817a 4500
005 - DATE AND TIME OF LATEST TRANSACTION
control field 20190128142929.0
010 ## - LCCN (DPL NO)
LC control number ENG-124661
020 ## - INTERNATIONAL STANDARD BOOK NUMBER
International Standard Book Number 9789350578360
Terms of availability 195.00
035 ## - SYSTEM CONTROL NUMBER
System control number EN-108193
037 ## - SOURCE OF ACQUISITION
Source of stock number/acquisition DBAD/PUB
082 ## - DEWEY DECIMAL CLASSIFICATION NUMBER
Classification number 485
100 ## - MAIN ENTRY--PERSONAL NAME
Personal name Prasoon, Shrikant
245 ## - TITLE STATEMENT
Title English grammer workbook:
Statement of responsibility, etc by Shrikant Prasoon
Remainder of title basics workout/
260 ## - PUBLICATION, DISTRIBUTION, ETC. (IMPRINT)
Place of publication, distribution, etc New Delhi
Name of publisher, distributor, etc V & S Publishers
Date of publication, distribution, etc 2017
270 ## - ADDRESS
Address F-2/16, Ansari Road, Daryaganj,
City New Delhi
Postal code 110002
300 ## - PHYSICAL DESCRIPTION
Extent 120p.
Dimensions 25cm.(pbk)
Other physical details ill.
942 ## - ADDED ENTRY ELEMENTS (KOHA)
Source of classification or shelving scheme Dewey Decimal Classification
Item type English Books
Call number suffix PRA
Classification part 485
Holdings
Withdrawn status Lost status Not for loan Collection code Home library Current library Date acquired Source of acquisition Cost, normal purchase price Full call number Barcode Copy number Cost, replacement price Koha item type
    Not For Loan Non-fiction D.B.Act.Division Patel Nagar 28/01/2019 DBAD/PUB 195.00 485 PRA EN-108193 1 195.00 English Books

© Delhi Public Library
Hit Counter
free hit counter